[Event "FRA-chT Top 16 Haute"]
[Site "Belfort"]
[Date "2025.06.01"]
[Round "4.4"]
[White "Barbot, Pierre"]
[Black "Pranesh, Munirethinam"]
[Result "1-0"]
[WhiteElo "2454"]
[BlackElo "2576"]
[PlyCount "95"]
[EventDate "2025.05.29"]
[EventType "team-tourn"]
[EventRounds "4"]
[EventCountry "FRA"]
[SourceTitle "CB23_2025"]
[SourceDate "2025.06.04"]
[SourceVersion "1"]
[SourceVersionDate "2025.06.04"]
[SourceQuality "1"]
[WhiteTeam "Grasse Echecs"]
[BlackTeam "Cannes"]
[WhiteTeamCountry "FRA"]
[BlackTeamCountry "FRA"]

1. d4 d5 2. c4 e6 3. Nf3 Nf6 4. Nc3 c6 5. e3 Nbd7 6. Be2 dxc4 7. a4 Bb4 8. Bxc4 0-0 9. 0-0 b6 10. Qe2 c5 11. d5 exd5 12. Nxd5 Bb7 13. Nxb4 cxb4 14. b3 a5 15. Bb2 Qe7 16. Rfd1 Ne4 17. Rac1 Rac8 18. Nd2 Nd6 19. Qg4 Ne5 20. Qg3 Ng6 21. Bd3 Qe6 22. Nc4 Ne4 23. Bxe4 Bxe4 24. Rd6 Qe7 25. Bd4 Rfd8 26. Rxb6 Bd5 27. h4 h5 28. Rb5 Qe4 29. Kh2 Rc6 30. Rxa5 Re6 31. Rb5 Qd3 32. Rxb4 Re4 33. Ne5 Qd2 34. Nxg6 Rg4 35. Rb8 Rxg6 36. Rxd8+ Kh7 37. Rxd5 Rxg3 38. Rc6 Rg6 39. Rxh5+ Rh6 40. Rhxh6+ gxh6 41. Rf6 Qc2 42. g3 Qxb3 43. a5 h5 44. a6 Qa2 45. a7 Kg8 46. e4 Kh7 47. Rxf7+ Kg6 48. Rf8 1-0

[Event "FRA-chT Top 16 Haute"]
[Site "Belfort"]
[Date "2025.05.31"]
[Round "3.6"]
[White "Shirazi, Kamran"]
[Black "Barbot, Pierre"]
[Result "0-1"]
[WhiteElo "2234"]
[BlackElo "2454"]
[PlyCount "54"]
[EventDate "2025.05.29"]
[EventType "team-tourn"]
[EventRounds "4"]
[EventCountry "FRA"]
[SourceTitle "CB23_2025"]
[SourceDate "2025.06.04"]
[SourceVersion "1"]
[SourceVersionDate "2025.06.04"]
[SourceQuality "1"]
[WhiteTeam "Tremblay en France"]
[BlackTeam "Grasse Echecs"]
[WhiteTeamCountry "FRA"]
[BlackTeamCountry "FRA"]

1. e4 e5 2. Nc3 Nc6 3. f4 exf4 4. d4 Qh4+ 5. Ke2 d5 6. Nxd5 Bg4+ 7. Nf3 0-0-0 8. c3 f5 9. Qd3 Nf6 10. Nxf6 Qxf6 11. Kf2 Bc5 12. Bxf4 Bxf3 13. e5 Nxe5 14. Bxe5 Qxe5 15. gxf3 Qf4 16. Rd1 Rhe8 17. Bh3 g6 18. Bg2 Be7 19. Rhf1 Qxh2 20. Rh1 Bh4+ 21. Kf1 Qf4 22. Rh3 Re3 23. Qc4 Rde8 24. Kg1 Re1+ 25. Rxe1 Rxe1+ 26. Bf1 Qe3+ 27. Kh1 Qf2 0-1

[Event "FRA-chT Top 16 GpB"]
[Site "Belfort"]
[Date "2025.05.22"]
[Round "1.5"]
[White "Bacrot, Etienne"]
[Black "Barbot, Pierre"]
[Result "1-0"]
[WhiteElo "2633"]
[BlackElo "2454"]
[PlyCount "111"]
[EventDate "2025.05.22"]
[EventType "team-tourn"]
[EventRounds "7"]
[EventCountry "FRA"]
[SourceTitle "CB22_2025"]
[SourceDate "2025.05.28"]
[SourceVersion "1"]
[SourceVersionDate "2025.05.28"]
[SourceQuality "1"]
[WhiteTeam "Aix En Provence"]
[BlackTeam "Grasse Echecs"]
[WhiteTeamCountry "FRA"]
[BlackTeamCountry "FRA"]

1. d4 Nf6 2. c4 e6 3. Nc3 Bb4 4. e3 0-0 5. Bd3 d5 6. a3 Be7 7. Nf3 Nbd7 8. 0-0 c5 9. b3 b6 10. cxd5 exd5 11. Bb2 Bb7 12. Ne5 cxd4 13. exd4 Ne4 14. Re1 Nxe5 15. dxe5 Rc8 16. Nb5 Bc5 17. Bxe4 dxe4 18. b4 a6 19. bxc5 axb5 20. Qxd8 Rfxd8 21. cxb6 Rc2 22. Bc1 Kf8 23. h3 Ke8 24. Bg5 Rd3 25. a4 bxa4 26. Rxa4 Kd7 27. Ra7 Kc8 28. Ra5 Rd5 29. Rxd5 Bxd5 30. Be3 Kb7 31. Rd1 Be6 32. Kh2 h5 33. Kg3 g6 34. Kf4 Rc8 35. Kxe4 Rc4+ 36. Bd4 Kc6 37. Kd3 Bd5 38. Rb1 Kb7 39. Rb5 Be6 40. Ra5 Rc8 41. Ra7+ Kc6 42. h4 Kd5 43. Ra5+ Kc6 44. Ke3 Rd8 45. Rc5+ Kb7 46. Rc7+ Ka6 47. Ra7+ Kb5 48. f3 Bd5 49. Rc7 Ka6 50. Kf4 Rb8 51. Rd7 Be6 52. Ra7+ Kb5 53. Rc7 Ka6 54. Kg5 Rb7 55. Rxb7 Kxb7 56. g4 1-0

[Event "Titled Tuesday intern op 06th May Early"]
[Site "Chess.com INT"]
[Date "2025.05.06"]
[Round "11"]
[White "Barbot, Pierre"]
[Black "Burmakin, Evgeniy"]
[Result "1-0"]
[WhiteElo "2454"]
[BlackElo "2110"]
[PlyCount "85"]
[EventDate "2025.05.06"]
[EventType "swiss (blitz)"]
[EventRounds "11"]
[EventCountry "USA"]
[SourceTitle "CB20_2025"]
[SourceDate "2025.05.14"]
[SourceVersion "1"]
[SourceVersionDate "2025.05.14"]
[SourceQuality "1"]

1. d4 Nf6 2. c4 g6 3. g3 Bg7 4. Bg2 0-0 5. Nc3 d6 6. Nf3 c5 7. dxc5 dxc5 8. Qxd8 Rxd8 9. Be3 Be6 10. Ng5 Bc8 11. Bxc5 h6 12. Nf3 Nc6 13. Nd2 Be6 14. Rc1 Rac8 15. Be3 Ng4 16. b3 Nxe3 17. fxe3 Rd7 18. Nde4 Ne5 19. h3 f5 20. Nf2 Nxc4 21. bxc4 Rxc4 22. Nfd1 Rdc7 23. Kd2 b5 24. a3 a5 25. Na2 Rd7+ 26. Ke1 Ra4 27. Nac3 Rxa3 28. Nxb5 Ra2 29. Nd4 Bf7 30. Nc3 Rb2 31. Kf2 e5 32. Ndb5 e4 33. Rhd1 Rxd1 34. Rxd1 Bc4 35. Rd8+ Kh7 36. Nd6 Ba6 37. Na4 Rxe2+ 38. Kg1 Rxe3 39. Nc5 Bd3 40. Rd7 Rxg3 41. Ne6 g5 42. Rxg7+ Kh8 43. Nf7# 1-0

[Event "Titled Tuesday intern op 06th May Early"]
[Site "Chess.com INT"]
[Date "2025.05.06"]
[Round "3"]
[White "Barbot, Pierre"]
[Black "Krzywda, Andrzej"]
[Result "0-1"]
[WhiteElo "2454"]
[BlackElo "2175"]
[PlyCount "76"]
[EventDate "2025.05.06"]
[EventType "swiss (blitz)"]
[EventRounds "11"]
[EventCountry "USA"]
[SourceTitle "CB20_2025"]
[SourceDate "2025.05.14"]
[SourceVersion "1"]
[SourceVersionDate "2025.05.14"]
[SourceQuality "1"]

1. d4 Nf6 2. c4 g6 3. g3 Bg7 4. Bg2 0-0 5. Nc3 d6 6. Nf3 c5 7. dxc5 dxc5 8. Qxd8 Rxd8 9. Be3 Na6 10. Ne5 Ne8 11. f4 Nd6 12. 0-0-0 Be6 13. Bf2 Rab8 14. Nd5 Kf8 15. b3 f6 16. Nd3 b6 17. e4 Bf7 18. e5 Nf5 19. Rhe1 Nd4 20. Bxd4 cxd4 21. e6 Be8 22. Re4 f5 23. Re2 Nc5 24. Ne5 Nxe6 25. Rde1 Bxe5 26. Rxe5 Nc5 27. Kd2 e6 28. Nf6 Bf7 29. Nxh7+ Kg7 30. Ng5 Bg8 31. h4 Rd6 32. Bf3 Rc8 33. g4 a6 34. gxf5 gxf5 35. h5 b5 36. Rh1 Kh6 37. cxb5 axb5 38. Rg1 Ra6 0-1

[Event "Titled Tuesday intern op 06th May Early"]
[Site "Chess.com INT"]
[Date "2025.05.06"]
[Round "1"]
[White "Barbot, Pierre"]
[Black "Mora Munoz, Alejandro"]
[Result "0-1"]
[WhiteElo "2454"]
[BlackElo "2147"]
[PlyCount "56"]
[EventDate "2025.05.06"]
[EventType "swiss (blitz)"]
[EventRounds "11"]
[EventCountry "USA"]
[SourceTitle "CB20_2025"]
[SourceDate "2025.05.14"]
[SourceVersion "1"]
[SourceVersionDate "2025.05.14"]
[SourceQuality "1"]

1. d4 Nf6 2. c4 e6 3. Nf3 b6 4. g3 Bb7 5. Bg2 Be7 6. 0-0 0-0 7. Re1 d5 8. cxd5 exd5 9. Nc3 Re8 10. Bf4 c5 11. dxc5 bxc5 12. Nh4 Qd7 13. Qd3 Na6 14. a3 Rad8 15. Nf5 Bf8 16. Rad1 d4 17. Bxb7 Qxb7 18. Nb5 Qd5 19. a4 c4 20. Qb1 d3 21. Ne3 Qe4 22. exd3 cxd3 23. Nc3 Qg6 24. Rd2 Nb4 25. Red1 Nh5 26. Kf1 Nxf4 27. gxf4 Qh6 28. f5 Qxh2 0-1

[Event "Titled Tuesday intern op 06th May Early"]
[Site "Chess.com INT"]
[Date "2025.05.06"]
[Round "2"]
[White "Barbot, Pierre"]
[Black "Urbina Perez, Juan Antonio"]
[Result "0-1"]
[WhiteElo "2454"]
[BlackElo "2221"]
[PlyCount "60"]
[EventDate "2025.05.06"]
[EventType "swiss (blitz)"]
[EventRounds "11"]
[EventCountry "USA"]
[SourceTitle "CB20_2025"]
[SourceDate "2025.05.14"]
[SourceVersion "1"]
[SourceVersionDate "2025.05.14"]
[SourceQuality "1"]

1. d4 Nf6 2. c4 d6 3. Nf3 g6 4. g3 Bg7 5. Bg2 Bf5 6. Nc3 0-0 7. Nh4 Bc8 8. Nf3 Bf5 9. Nh4 Bc8 10. Nf3 c5 11. dxc5 dxc5 12. Qxd8 Rxd8 13. Be3 Na6 14. Ne5 Rb8 15. f4 Ng4 16. Nxg4 Bxg4 17. Kf2 b6 18. Rad1 Nc7 19. h3 Be6 20. Nd5 Bxd5 21. cxd5 Bxb2 22. Rd2 Bc3 23. Rd3 Bf6 24. Rhd1 Nb5 25. Bf3 Nd6 26. g4 Nc4 27. Bc1 Rd6 28. e4 Bd4+ 29. Kg3 Rbd8 30. e5 R6d7 0-1

[Event "Titled Tuesday intern op 06th May Early"]
[Site "Chess.com INT"]
[Date "2025.05.06"]
[Round "7"]
[White "Dominguez, Ramiro"]
[Black "Barbot, Pierre"]
[Result "1-0"]
[WhiteElo "2185"]
[BlackElo "2454"]
[PlyCount "97"]
[EventDate "2025.05.06"]
[EventType "swiss (blitz)"]
[EventRounds "11"]
[EventCountry "USA"]
[SourceTitle "CB20_2025"]
[SourceDate "2025.05.14"]
[SourceVersion "1"]
[SourceVersionDate "2025.05.14"]
[SourceQuality "1"]

1. e4 c5 2. Ne2 Nc6 3. Nbc3 e5 4. Nd5 g6 5. Nec3 Bg7 6. Bc4 Na5 7. Be2 Ne7 8. Nxe7 Qxe7 9. Nd5 Qd8 10. a3 b6 11. b4 Nc6 12. 0-0 0-0 13. Bc4 d6 14. Rb1 Be6 15. d3 Qd7 16. Be3 Kh8 17. Qd2 f5 18. Bh6 f4 19. Bxg7+ Kxg7 20. f3 Rae8 21. c3 Ne7 22. d4 Bxd5 23. Bxd5 Nxd5 24. exd5 Rf5 25. dxc5 dxc5 26. c4 cxb4 27. axb4 e4 28. Qd4+ Kh6 29. fxe4 Rg5 30. Rxf4 Qh3 31. Rf2 Qa3 32. c5 Rg4 33. Qd2+ Kg7 34. Qb2+ Qxb2 35. Rbxb2 Rgxe4 36. h3 bxc5 37. bxc5 Rd8 38. Rb7+ Kg8 39. d6 Rc4 40. Rc7 a5 41. Rff7 a4 42. Rg7+ Kh8 43. Rxh7+ Kg8 44. Rcg7+ Kf8 45. Ra7 Kg8 46. Rhg7+ Kh8 47. Rgc7 Kg8 48. c6 Rxd6 49. Rc8+ 1-0

[Event "Titled Tuesday intern op 06th May Early"]
[Site "Chess.com INT"]
[Date "2025.05.06"]
[Round "4"]
[White "Gogolev, Artem"]
[Black "Barbot, Pierre"]
[Result "0-1"]
[WhiteElo "2240"]
[BlackElo "2454"]
[PlyCount "76"]
[EventDate "2025.05.06"]
[EventType "swiss (blitz)"]
[EventRounds "11"]
[EventCountry "USA"]
[SourceTitle "CB20_2025"]
[SourceDate "2025.05.14"]
[SourceVersion "1"]
[SourceVersionDate "2025.05.14"]
[SourceQuality "1"]

1. d4 Nf6 2. c4 g6 3. g3 Bg7 4. Bg2 d5 5. Nf3 0-0 6. cxd5 Nxd5 7. 0-0 Nb6 8. Nc3 Nc6 9. d5 Na5 10. e4 e6 11. Bg5 Qd7 12. Bh3 Qe8 13. Re1 Nac4 14. Qb3 a5 15. Rac1 h6 16. Bf4 e5 17. Be3 Bxh3 18. Nb5 Qd8 19. Rxc4 Nxc4 20. Qxc4 c6 21. dxc6 bxc6 22. Nc3 Qf6 23. Qe2 Rfb8 24. Nd2 Rxb2 25. Nd1 Rxa2 26. Qc4 Rb2 27. f4 exf4 28. Bxf4 Qd4+ 29. Qxd4 Bxd4+ 30. Be3 Bxe3+ 31. Nxe3 Rxd2 32. Nc4 Rc2 33. Ne5 a4 34. Nd7 Kg7 35. Ne5 a3 36. Nd3 a2 37. Nb4 Rb2 38. Nxc6 Rb1 0-1

[Event "Titled Tuesday intern op 04th Mar Early"]
[Site "Chess.com INT"]
[Date "2025.03.04"]
[Round "9"]
[White "Zheenbekov, Nurgazi"]
[Black "Barbot, Pierre"]
[Result "1-0"]
[WhiteElo "2065"]
[BlackElo "2449"]
[PlyCount "75"]
[EventDate "2025.03.04"]
[EventType "swiss (blitz)"]
[EventRounds "11"]
[EventCountry "USA"]
[SourceTitle "CB11_2025"]
[SourceDate "2025.03.12"]
[SourceVersion "1"]
[SourceVersionDate "2025.03.12"]
[SourceQuality "1"]

1. e4 c5 2. Nf3 e6 3. g3 d5 4. exd5 exd5 5. d4 Nc6 6. Bg2 cxd4 7. 0-0 Bg4 8. Nbd2 Nf6 9. Nb3 Be7 10. Nbxd4 0-0 11. c3 Qb6 12. Nb3 a5 13. Be3 Qa6 14. a4 b5 15. Nc5 Bxc5 16. Bxc5 Rfe8 17. h3 Bh5 18. g4 Bg6 19. Nd4 Nxd4 20. Bxd4 Ne4 21. Re1 b4 22. Qe2 Qb7 23. Qe3 Qc6 24. Qf4 bxc3 25. bxc3 Nxc3 26. Rac1 Rxe1+ 27. Rxe1 Ne4 28. Qe5 f6 29. Qf4 Rc8 30. h4 Qxa4 31. Qe3 Rc4 32. Bb6 Qb4 33. h5 Bf7 34. Bd8 Rc3 35. Qe2 Qc5 36. Bxe4 dxe4 37. Qxe4 h6 38. Qe7 1-0

[Event "Cannes op 38th"]
[Site "Cannes"]
[Date "2025.03.01"]
[Round "8"]
[White "Barbot, Pierre"]
[Black "Celik, Hasan Huseyin"]
[Result "1/2-1/2"]
[WhiteElo "2449"]
[BlackElo "2441"]
[PlyCount "40"]
[EventDate "2025.02.24"]
[EventType "swiss"]
[EventRounds "9"]
[EventCountry "FRA"]
[SourceTitle "CB10_2025"]
[SourceDate "2025.03.05"]
[SourceVersion "1"]
[SourceVersionDate "2025.03.05"]
[SourceQuality "1"]

1. d4 Nf6 2. c4 e6 3. Nc3 Bb4 4. f3 c5 5. d5 b5 6. e4 d6 7. Nge2 bxc4 8. Nf4 e5 9. Nfe2 Nbd7 10. Ng3 Nb6 11. Be2 Ng8 12. h4 Ne7 13. h5 h6 14. f4 exf4 15. Bxf4 f5 16. 0-0 0-0 17. Qd2 fxe4 18. Bxh6 Nexd5 19. Bg5 Qe8 20. Be3 Qd8 1/2-1/2

[Event "Cannes op 38th"]
[Site "Cannes"]
[Date "2025.02.27"]
[Round "5"]
[White "Tan, Jun Ying"]
[Black "Barbot, Pierre"]
[Result "1/2-1/2"]
[WhiteElo "2368"]
[BlackElo "2449"]
[PlyCount "49"]
[EventDate "2025.02.24"]
[EventType "swiss"]
[EventRounds "9"]
[EventCountry "FRA"]
[SourceTitle "CB10_2025"]
[SourceDate "2025.03.05"]
[SourceVersion "1"]
[SourceVersionDate "2025.03.05"]
[SourceQuality "1"]

1. d4 Nf6 2. c4 e6 3. Nc3 Bb4 4. f3 d5 5. a3 Be7 6. e4 dxe4 7. fxe4 c5 8. d5 exd5 9. exd5 0-0 10. Be2 a6 11. Nf3 Bd6 12. 0-0 h6 13. Kh1 Re8 14. Qd3 Nbd7 15. Be3 Nf8 16. Rae1 Ng6 17. Bd1 Bg4 18. Qd2 Qc7 19. Bg1 Rxe1 20. Rxe1 Bxf3 21. Bxf3 Ne5 22. Be2 Neg4 23. h3 Ne5 24. b3 Re8 25. Bf1 1/2-1/2

[Event "SLO-chT 34th"]
[Site "Grosuplje"]
[Date "2024.09.27"]
[Round "1.1"]
[White "Tisaj, Domen"]
[Black "Barbot, Pierre"]
[Result "0-1"]
[WhiteElo "2426"]
[BlackElo "2440"]
[PlyCount "79"]
[EventDate "2024.09.27"]
[EventType "team-tourn"]
[EventRounds "9"]
[EventCountry "SLO"]
[SourceTitle "CB40_2024"]
[Source "Chessbase"]
[SourceDate "2024.10.02"]
[SourceVersion "1"]
[SourceVersionDate "2024.10.02"]
[SourceQuality "1"]
[WhiteTeam "Celje"]
[BlackTeam "Ig"]
[WhiteTeamCountry "SVK"]
[BlackTeamCountry "SLO"]

1. d4 Nf6 2. c4 e6 3. g3 d5 4. Bg2 Bb4+ 5. Nd2 0-0 6. Ngf3 b6 7. 0-0 Bb7 8. b3 Nbd7 9. Bb2 a5 10. Rc1 a4 11. a3 Bxd2 12. Nxd2 axb3 13. Qxb3 dxc4 14. Qxc4 Bxg2 15. Kxg2 c5 16. dxc5 Nxc5 17. Rfd1 Ra4 18. Qc2 Qa8+ 19. Kg1 Nd5 20. Nc4 Qa6 21. e4 Nf6 22. f3 Nfd7 23. Kg2 f6 24. Bd4 Rc8 25. Nd6 Ra8 26. Bb2 Nf8 27. Rd2 Ng6 28. f4 Rd8 29. Rcd1 Qa8 30. Kg1 Rd7 31. f5 Nf8 32. e5 fxe5 33. Bxe5 Rxa3 34. f6 gxf6 35. Bxf6 Qa4 36. Qb2 Qb3 37. Qd4 Ra4 38. Qe5 Ra2 39. Qg5+ Ng6 40. h4 0-1

[Event "Titled Tuesday intern op 27th Aug Early"]
[Site "Chess.com INT"]
[Date "2024.08.27"]
[Round "6"]
[White "Womacka, Mathias"]
[Black "Barbot, Pierre"]
[Result "1-0"]
[WhiteElo "2345"]
[BlackElo "2440"]
[PlyCount "59"]
[EventDate "2024.08.27"]
[EventType "swiss (blitz)"]
[EventRounds "11"]
[EventCountry "USA"]
[SourceTitle "EXT 2025"]
[Source "ChessBase"]
[SourceDate "2024.10.14"]
[SourceVersion "1"]
[SourceVersionDate "2024.10.14"]
[SourceQuality "1"]

1. e4 c5 2. Nf3 e6 3. d4 cxd4 4. Nxd4 Nf6 5. Nc3 Nc6 6. Ndb5 d6 7. Bf4 e5 8. Bg5 a6 9. Na3 b5 10. Nd5 Be7 11. Nxe7 Nxe7 12. Bd3 Bb7 13. Qe2 Ng6 14. c4 b4 15. Nc2 a5 16. 0-0 h6 17. Bd2 0-0 18. f3 Nd7 19. Rfd1 Nc5 20. Kh1 b3 21. Na3 a4 22. Nb5 Bc6 23. Nc3 a3 24. axb3 axb2 25. Rxa8 Qxa8 26. b4 Nb3 27. Be3 Qa1 28. Qe1 Ra8 29. Rb1 Nd4 30. Qd2 1-0

[Event "Titled Tuesday intern op 13th Aug Early"]
[Site "Chess.com INT"]
[Date "2024.08.13"]
[Round "3"]
[White "Barbot, Pierre"]
[Black "Pasti, Aron"]
[Result "0-1"]
[WhiteElo "2440"]
[BlackElo "2370"]
[PlyCount "82"]
[EventDate "2024.08.13"]
[EventType "swiss (blitz)"]
[EventRounds "11"]
[EventCountry "USA"]
[SourceTitle "EXT 2025"]
[Source "ChessBase"]
[SourceDate "2024.10.14"]
[SourceVersion "1"]
[SourceVersionDate "2024.10.14"]
[SourceQuality "1"]

1. d4 Nf6 2. c4 e6 3. Nf3 Bb4+ 4. Nbd2 0-0 5. a3 Bxd2+ 6. Qxd2 d6 7. g3 Nbd7 8. Bg2 e5 9. 0-0 c6 10. b4 a5 11. Bb2 e4 12. Ne1 Qe7 13. Nc2 Re8 14. d5 Ne5 15. Ne3 Bd7 16. Rfd1 Red8 17. Qd4 Ng6 18. Rdc1 c5 19. bxc5 dxc5 20. Qc3 Qd6 21. Rab1 b6 22. Ba1 Re8 23. Rb2 Rab8 24. Rcb1 a4 25. Rd2 h5 26. h4 b5 27. cxb5 Rxb5 28. Rxb5 Bxb5 29. Rb2 Ba6 30. Rb1 Bxe2 31. Rc1 Rc8 32. Bxe4 Ne7 33. Bg2 c4 34. Qc2 Bd3 35. Qxa4 Nexd5 36. Nxd5 Nxd5 37. Qa5 Nf6 38. Qc3 Rb8 39. Re1 Rb3 40. Qc1 Qxa3 41. Qg5 Qd6 0-1

[Event "Titled Tuesday intern op 13th Aug Early"]
[Site "Chess.com INT"]
[Date "2024.08.13"]
[Round "6"]
[White "Kharmunova, Nadezhda"]
[Black "Barbot, Pierre"]
[Result "1-0"]
[WhiteElo "2022"]
[BlackElo "2440"]
[PlyCount "41"]
[EventDate "2024.08.13"]
[EventType "swiss (blitz)"]
[EventRounds "11"]
[EventCountry "USA"]
[SourceTitle "EXT 2025"]
[Source "ChessBase"]
[SourceDate "2024.10.14"]
[SourceVersion "1"]
[SourceVersionDate "2024.10.14"]
[SourceQuality "1"]

1. e4 c5 2. Nf3 e6 3. d4 cxd4 4. Nxd4 Nf6 5. Bd3 Nc6 6. c3 d5 7. exd5 Nxd4 8. Qa4+ Qd7 9. Qxd4 Qxd5 10. Qxd5 Nxd5 11. 0-0 Bd6 12. Rd1 Ke7 13. Nd2 Nf4 14. Ne4 Bc7 15. Bc4 f5 16. Nc5 a6 17. g3 Ng6 18. Re1 e5 19. Bg5+ Kd6 20. b4 b5 21. Rad1+ 1-0

[Event "Titled Tuesday intern op 09th Jul Early"]
[Site "Chess.com INT"]
[Date "2024.07.09"]
[Round "4"]
[White "Barbot, Pierre"]
[Black "Cofre Archibold, Nestor"]
[Result "0-1"]
[WhiteElo "2440"]
[BlackElo "2226"]
[PlyCount "72"]
[EventDate "2024.07.09"]
[EventType "swiss (blitz)"]
[EventRounds "11"]
[EventCountry "USA"]
[SourceTitle "EXT 2025"]
[Source "ChessBase"]
[SourceDate "2024.10.14"]
[SourceVersion "1"]
[SourceVersionDate "2024.10.14"]
[SourceQuality "1"]

1. d4 Nf6 2. c4 c5 3. d5 e6 4. Nf3 exd5 5. cxd5 d6 6. Nc3 g6 7. Nd2 Bg7 8. e4 0-0 9. Be2 Re8 10. 0-0 Na6 11. f3 Nc7 12. a4 b6 13. Nc4 Ba6 14. Bf4 Bxc4 15. Bxc4 a6 16. Qd2 Qd7 17. Qe2 Nh5 18. Bd2 f5 19. Kh1 f4 20. Rfd1 Be5 21. Qf1 Qe7 22. Qe1 Qg5 23. Ra2 Ng3+ 24. hxg3 Qh5+ 25. Kg1 Bd4+ 26. Kf1 Qh1+ 27. Ke2 Qxg2+ 28. Kd3 Qxf3+ 29. Kc2 fxg3 30. Qe2 Qf6 31. Be3 Rf8 32. Raa1 Be5 33. Rg1 Qf3 34. Bh6 Qxe2+ 35. Nxe2 Rf2 36. Raf1 b5 0-1

[Event "Titled Tuesday intern op 09th Jul Early"]
[Site "Chess.com INT"]
[Date "2024.07.09"]
[Round "2"]
[White "Barbot, Pierre"]
[Black "Pavlov, Nikolay"]
[Result "1-0"]
[WhiteElo "2440"]
[BlackElo "2316"]
[PlyCount "95"]
[EventDate "2024.07.09"]
[EventType "swiss (blitz)"]
[EventRounds "11"]
[EventCountry "USA"]
[SourceTitle "EXT 2025"]
[Source "ChessBase"]
[SourceDate "2024.10.14"]
[SourceVersion "1"]
[SourceVersionDate "2024.10.14"]
[SourceQuality "1"]

1. d4 e6 2. Nf3 Nf6 3. c4 d5 4. g3 dxc4 5. Bg2 c5 6. 0-0 Nc6 7. dxc5 Qxd1 8. Rxd1 Bxc5 9. Nbd2 c3 10. bxc3 0-0 11. Nb3 Be7 12. Nfd4 Nxd4 13. Nxd4 Nd5 14. Bb2 Rd8 15. Rac1 Nb6 16. Nb5 Nc4 17. Ba1 Bd7 18. Nd4 Rab8 19. Nb3 b6 20. Rd4 Rbc8 21. Rcd1 Be8 22. Bb7 Rxd4 23. Rxd4 Rc7 24. Ba6 Na3 25. Rd1 Kf8 26. e4 Bf6 27. f4 Bxc3 28. Rc1 Bxa1 29. Rxc7 Bb2 30. Rxa7 Nb5 31. Ra8 Nc3 32. Bc4 b5 33. Bd3 Ke7 34. Nc5 Bc1 35. Ra7+ Kd6 36. Nb7+ Kc6 37. Ra8 Bd7 38. Na5+ Kb6 39. Nb3 Be3+ 40. Kf1 Bc6 41. Rg8 g6 42. Rf8 Nxe4 43. Bxe4 Bxe4 44. Rxf7 Kc6 45. Rxh7 Bb1 46. Ke2 Bb6 47. Rh8 Bxa2 48. Nd2 1-0

[Event "Titled Tuesday intern op 09th Jul Early"]
[Site "Chess.com INT"]
[Date "2024.07.09"]
[Round "7"]
[White "Bodrogi, Bendeguz"]
[Black "Barbot, Pierre"]
[Result "0-1"]
[WhiteElo "2365"]
[BlackElo "2440"]
[PlyCount "98"]
[EventDate "2024.07.09"]
[EventType "swiss (blitz)"]
[EventRounds "11"]
[EventCountry "USA"]
[SourceTitle "EXT 2025"]
[Source "ChessBase"]
[SourceDate "2024.10.14"]
[SourceVersion "1"]
[SourceVersionDate "2024.10.14"]
[SourceQuality "1"]

1. Nf3 Nf6 2. b4 g6 3. Bb2 Bg7 4. g4 0-0 5. g5 Nh5 6. Bxg7 Nxg7 7. h4 d5 8. e3 Qd6 9. c3 e5 10. a3 Bg4 11. Be2 Nc6 12. d4 e4 13. Nfd2 Bxe2 14. Qxe2 a5 15. b5 Ne7 16. c4 dxc4 17. Nxc4 Qe6 18. Nc3 Nd5 19. Nxd5 Qxd5 20. Nd2 f5 21. Qc4 Rfd8 22. Qxd5+ Rxd5 23. a4 Rc8 24. Ke2 c6 25. Rhc1 Ne6 26. Nb3 Rc7 27. bxc6 bxc6 28. Rc3 Rb7 29. Rac1 Kf7 30. Kd2 Rb4 31. Nc5 Nxc5 32. Rxc5 Rxc5 33. Rxc5 Rxa4 34. Rxc6 Ra2+ 35. Kc3 Rxf2 36. d5 Ke7 37. Kd4 Kd7 38. Ke5 f4 39. exf4 e3 40. Rc3 e2 41. Re3 a4 42. d6 a3 43. Kd5 a2 44. Re7+ Kd8 45. Kc6 a1Q 46. Rd7+ Ke8 47. Re7+ Kf8 48. d7 Kxe7 49. Kc7 Qa7+ 0-1

[Event "Titled Tuesday intern op 09th Jul Early"]
[Site "Chess.com INT"]
[Date "2024.07.09"]
[Round "5"]
[White "Manolache, Marius"]
[Black "Barbot, Pierre"]
[Result "0-1"]
[WhiteElo "2388"]
[BlackElo "2440"]
[PlyCount "54"]
[EventDate "2024.07.09"]
[EventType "swiss (blitz)"]
[EventRounds "11"]
[EventCountry "USA"]
[SourceTitle "EXT 2025"]
[Source "ChessBase"]
[SourceDate "2024.10.14"]
[SourceVersion "1"]
[SourceVersionDate "2024.10.14"]
[SourceQuality "1"]

1. e4 c5 2. Nc3 e6 3. f4 Nc6 4. Nf3 g6 5. Bb5 Bg7 6. Bxc6 dxc6 7. 0-0 Nf6 8. d3 0-0 9. Be3 b6 10. h3 a5 11. Ne5 Qc7 12. Qf3 Ba6 13. Rad1 Rad8 14. b3 Nd7 15. Nxd7 Rxd7 16. Na4 Bd4 17. f5 exf5 18. exf5 Qe5 19. Rde1 b5 20. fxg6 hxg6 21. Bf2 Qd6 22. Nb6 Rb7 23. Bxd4 Qxd4+ 24. Kh1 Rxb6 25. Re8 Qd7 26. Rxf8+ Kxf8 27. Qf4 Kg8 0-1

[Event "Titled Tuesday intern op 09th Jul Early"]
[Site "Chess.com INT"]
[Date "2024.07.09"]
[Round "9"]
[White "Ponomarev, Dmitry"]
[Black "Barbot, Pierre"]
[Result "1-0"]
[WhiteElo "2417"]
[BlackElo "2440"]
[PlyCount "103"]
[EventDate "2024.07.09"]
[EventType "swiss (blitz)"]
[EventRounds "11"]
[EventCountry "USA"]
[SourceTitle "EXT 2025"]
[Source "ChessBase"]
[SourceDate "2024.10.14"]
[SourceVersion "1"]
[SourceVersionDate "2024.10.14"]
[SourceQuality "1"]

1. e4 c5 2. Nf3 e6 3. d4 cxd4 4. Nxd4 Nf6 5. Nc3 Nc6 6. Ndb5 d6 7. Be3 a6 8. Nd4 Be7 9. Be2 0-0 10. 0-0 Bd7 11. f3 h6 12. Qd2 Rc8 13. Rac1 Ne5 14. Rfd1 Nc4 15. Bxc4 Rxc4 16. Nce2 b5 17. b3 Rc8 18. c4 bxc4 19. bxc4 Ba4 20. Nb3 Nd7 21. Qb4 Bc6 22. Ned4 Ne5 23. Nxc6 Rxc6 24. Na5 Rc8 25. c5 d5 26. exd5 exd5 27. Bd4 Qc7 28. Qb6 Bf6 29. Qxc7 Rxc7 30. Bxe5 Bxe5 31. Rxd5 Bf6 32. c6 Rfc8 33. Rb1 Bc3 34. Rb6 Bxa5 35. Rxa5 Rxc6 36. Raxa6 Rc1+ 37. Kf2 R8c2+ 38. Kg3 Ra1 39. Rb8+ Kh7 40. Rba8 h5 41. Kh3 Rb1 42. Ra5 Kh6 43. Rh8+ Kg6 44. Rhxh5 Rbb2 45. Rhg5+ Kh6 46. a4 Rb3 47. Rg4 f5 48. Rxf5 Ra3 49. Rfg5 Raa2 50. Rg6+ Kh7 51. Rxg7+ Kh8 52. R7g5 1-0